Statistics for How I Met Your Mother Quiz (Hard)

Click here to take the quiz!

General Stats

  • This quiz has been taken 1,682 times
  • The average score is 8 of 15

Answer Stats

HintAnswer% Correct
Two words that Robin always says on live TV - turned into a drinking gameBut Um
90%
Where does Barney propose to Quinn?Airport Security
78%
The nickname of Zoey's very naive cousinHoney
73%
What time of day does Robin's news show "Come On, Get Up New York" air?4:00 AM
67%
Barney's theory that a man will eventually want to sleep with a woman after a period of time, no matter how initially unattractive she isThe Mermaid Theory
61%
Which couple breaks up first in The Autumn of Break-Ups?Barney and Quinn
57%
Road trip game that Marshall is very good atZitch Dog
56%
What did Lily steal from the Captain?An Ashtray
52%
What is Marshall and Lily's first son's full name?Marvin Wait-For-It Eriksen
49%
Where does Barney propose to Robin?Roof of the World Wide News Building
49%
Who did a commercial where she danced and sang "Boats! Boats! Boats!"Becky
46%
Robin's "Space Teens" co-starJessica Glitter
42%
The fictional brand of single malt scotch whisky (3 bottles of this were accidentally broken over the course of Barney and Robin's wedding weekend)Glen McKenna
41%
Name of the website that a girl Barney lied to created (when Barney said he was Ted Moseby)tedmosbyisajerk.com
41%
What did Amanda (one of Ted's random skanks) write on Lily's Birthday Cake?Happy 42nd Birthday Lori
18%

Score Distribution

Percentile by Number Answered

Percent of People with Each Score

Your Score History

You have not taken this quiz